Lōkamānya Tilak. (Record no. 63358)
[ view plain ]
| 000 -LEADER | |
|---|---|
| fixed length control field | 00659cam a22002291 4500 |
| 001 - CONTROL NUMBER | |
| control field | sa 65003782 |
| 003 - CONTROL NUMBER IDENTIFIER | |
| control field | DLC |
| 005 - DATE AND TIME OF LATEST TRANSACTION | |
| control field | 20260227112125.0 |
| 008 - FIXED-LENGTH DATA ELEMENTS--GENERAL INFORMATION | |
| fixed length control field | 851105s1965 ii 000 0btelx |
| 010 ## - LIBRARY OF CONGRESS CONTROL NUMBER | |
| LC control number | sa 65003782 |
| 025 ## - OVERSEAS ACQUISITION NUMBER | |
| Overseas acquisition number | PL480:I-Te-1000 |
| 035 ## - SYSTEM CONTROL NUMBER | |
| System control number | (OCoLC)13893385 |
| 040 ## - CATALOGING SOURCE | |
| Original cataloging agency | DLC |
| Transcribing agency | NN |
| Modifying agency | DLC |
| 042 ## - AUTHENTICATION CODE | |
| Authentication code | premarc |
| 050 00 - LIBRARY OF CONGRESS CALL NUMBER | |
| Classification number | DS479.1.T54 |
| Item number | S9 |
| 100 2# - MAIN ENTRY--PERSONAL NAME | |
| Personal name | Suryanarayana Murty, Yarramilli. |
| 245 10 - TITLE STATEMENT | |
| Title | Lōkamānya Tilak. |
| Statement of responsibility, etc. | Racana: Yarramilli Sūryanārāyaṇa mūrti. |
| 260 ## - PUBLICATION, DISTRIBUTION, ETC. | |
| Place of publication, distribution, etc. | Taṇuku, |
| Name of publisher, distributor, etc. | Ravīndra Pabliṣiṅg Haus |
| Date of publication, distribution, etc. | [1964] |
| 300 ## - PHYSICAL DESCRIPTION | |
| Extent | 112 p. |
| Dimensions | 18 cm. |
| 500 ## - GENERAL NOTE | |
| General note | In Telugu. |
| 600 10 - SUBJECT ADDED ENTRY--PERSONAL NAME | |
| Personal name | Tilak, Bal Gangadhar, |
| Dates associated with a name | 1856-1920. |
No items available.